00304nam a2200109Ia 4500008004100000020001800041082001300059100001900072245005000091260003800141300001500179190415s9999 xx 000 0 und d a0-7069-9126-5 a020 NEW; aRaju, A.A.N./s 0aNew vistas in library and information science aNew DelhibVikas Publishingc1995 axix, 600p.